| 000 | 01131cam a2200289 a 4500 | ||
|---|---|---|---|
| 999 |
_c3883 _d3883 |
||
| 001 | 13577386 | ||
| 003 | OSt | ||
| 005 | 20260411020003.0 | ||
| 008 | 040429s2005 nyuab b 001 0 eng | ||
| 010 | _a 2004047245 | ||
| 020 | _a0716748770 | ||
| 040 |
_aDLC _cDLC _dDLC |
||
| 050 | 0 | 0 |
_aTD192 _b.B35 2005 |
| 082 | 0 | 0 |
_a577.27 _222 _bBAI 2005 |
| 100 | 1 |
_aBaird, Colin; Cann, Michael C. _9927 |
|
| 245 | 1 | 0 | _aEnvironmental chemistry |
| 250 |
_a3rd ed. / _bMichael Cann. |
||
| 260 |
_aNew York : _bW.H. Freeman, _c2005. |
||
| 300 |
_a1 v. (various pagings) : _bcol.ill, col. maps ; _c24 cm. |
||
| 504 | _aIncludes bibliographical references and index. | ||
| 650 | 0 |
_aEnvironmental chemistry. _94192 |
|
| 856 | 4 | 2 |
_3Publisher description _uhttp://www.loc.gov/catdir/enhancements/fy0912/2004047245-d.html |
| 856 | 4 | 1 |
_3Table of contents only _uhttp://www.loc.gov/catdir/enhancements/fy0912/2004047245-t.html |
| 906 |
_a7 _bcbc _corignew _d1 _eocip _f20 _gy-gencatlg |
||
| 942 |
_2ddc _cSLOAN _01 |
||